| 000 | 00445nam a22001457a 4500 | ||
|---|---|---|---|
| 003 | OSt | ||
| 005 | 20260324113507.0 | ||
| 008 | 211115b ||||| |||| 00| 0 eng d | ||
| 040 | _cAIMIT LIBRARY | ||
| 100 |
_aAcharya, Suhag; Shetty, Annapoorna. _d181736 _910387 |
||
| 245 | _aMaber (Job Tracker) / | ||
| 260 |
_aSeo Pro Consulting Pvt Ltd Mangalore _bAnnaoorna Shetty _c2021 |
||
| 856 | _uURL:https://www.serproconsulting.com | ||
| 942 |
_2ddc _cPRO |
||
| 999 |
_c220582 _d220582 |
||